000 00499nam a2200133Ia 4500
008 260210s9999 xx 000 0 und d
024 _a12B-130-EL, 12B-138-EL, 12B-149-EL & 12B-164-EL
082 _a621.47078072 MUH
100 _aMuhammad Daniyal Younus, Syed Usama Akhter, Faizan Erum Butt & Misbah Abrar
245 0 _aSolar Energy System with Data Saving and Monitoring
260 _aKarachi:
_bUITU,
_c2012
600 _aElectrical Engineering
650 _aBachelor of Engineering (BE)
999 _c33167
_d33167